Normal view
MARC view
- NC MUHAMAD TALAL QAISER NC MUHAMMAD ASHAR AZEEM NC ASSADULLAH KHAN
Entry Personal Name
001 - CONTROL NUMBER
- control field: 70727
003 - CONTROL NUMBER IDENTIFIER
- control field: NUST
005 - DATE AND TIME OF LATEST TRANSACTION
- control field: 20210628204540.0
008 - FIXED-LENGTH DATA ELEMENTS
- fixed length control field: 210628|| aca||aabn | a|a d
040 ## - CATALOGING SOURCE
- Original cataloging agency: NUST
- Transcribing agency: NUST
100 ## - HEADING--PERSONAL NAME
- Personal name: NC MUHAMAD TALAL QAISER NC MUHAMMAD ASHAR AZEEM NC ASSADULLAH KHAN
670 ## - SOURCE DATA FOUND
- Source citation: Work cat.: (NUST): NC MUHAMAD TALAL QAISER NC MUHAMMAD ASHAR AZEEM NC ASSADULLAH KHAN, PR-SOF-1702-DESIGN AND FABRICATION OF RICE PADDY PLANTER, 2018
